Library Banner

Microeconomics (transparencies) [shelved in RESOURCE MANUAL SHELF as loose copies] (Record no. 20337)

MARC details
000 -LEADER
fixed length control field 00629nam a2200217Ia 4500
001 - CONTROL NUMBER
control field 19975
003 - CONTROL NUMBER IDENTIFIER
control field PK-LaUMT
005 - DATE AND TIME OF LATEST TRANSACTION
control field 20221213162726.0
008 - FIXED-LENGTH DATA ELEMENTS--GENERAL INFORMATION
fixed length control field 140408s9999 xx 000 0 und d
020 ## - INTERNATIONAL STANDARD BOOK NUMBER
International Standard Book Number 0-13-019509-x
040 ## - CATALOGING SOURCE
Transcribing agency PK-LaUMT
082 ## - DEWEY DECIMAL CLASSIFICATION NUMBER
Classification number MR 338.5
Item number PIN-M
100 ## - MAIN ENTRY--PERSONAL NAME
Personal name Pindyck, Robert S.
245 ## - TITLE STATEMENT
Title Microeconomics (transparencies) [shelved in RESOURCE MANUAL SHELF as loose copies]
Statement of responsibility, etc Pindyck, Robert S.<>Rubinfeld, Daniel L.
250 ## - EDITION STATEMENT
Edition statement 5th
260 ## - PUBLICATION, DISTRIBUTION, ETC. (IMPRINT)
Place of publication, distribution, etc Upper Saddle River,USA:
Name of publisher, distributor, etc Prentice Hall,
Date of publication, distribution, etc 2001
300 ## - PHYSICAL DESCRIPTION
Extent 321 p.
546 ## - LANGUAGE NOTE
Language note EN
700 ## - ADDED ENTRY--PERSONAL NAME
Personal name Rubinfeld, Daniel L.
942 ## - ADDED ENTRY ELEMENTS (KOHA)
Koha item type Stocktaking Record 2002
Source of classification or shelving scheme Dewey Decimal Classification
Holdings
Withdrawn status Lost status Damaged status Not for loan Home library Current library Date acquired Total Checkouts Full call number Barcode Date last seen Price effective from Koha item type
        UMT Main Campus UMT Main Campus 2014-04-07   MR 338.5 PIN-M 23271 2014-04-23 2014-04-23 Books